| LEADER 00000nam 2200000uu 4500 |
| 001 211924 |
| 003 ULIBM |
| 008 020711s2560 th a 000 0 tha d |
| 041 ^atha^beng
|
| 060 4 วจ WJ20 ณ322ผ 2560
|
| 100 ณัฐชนิกรณ์ ห่านคำ...[และคนอื่นๆ]
|
| 245 รายงานวิจัยเรื่อง ผลของการใช้สื่อนวัตกรรมฮักไตต่อความรู้ ความเชื่อ การปฏิบัติตนของผู้ป่วยโรคไตเรื้อรัง=^bEffect of using haktai tool innovative on knowledge, believe and health behaviors in chronic kidney disease/^cณัฐชนิกรณ์ ห่านคำ...[และคนอื่นๆ]
|
| 246 31 ^aEffect of using haktai tool innovative on knowledge, believe and health behaviors in chronic kidney disease
|
| 260 ขอนแก่น :^bวิทยาลัยพยาบาลบรมราชชนนี ขอนแก่น,^c2560
|
| 300 80 หน้า :^bภาพประกอบ ;^c30 ซม.
|
| 650 4 โรคไต^xการใช้สื่อนวัตกรรม
|
| 650 4 ^aไตวายเรื้อรัง^xผู้ป่วย^xการดูแลตนเอง
|
| 650 4 ^aวิจัย
|
| 700 0 ^aณัฐชนิกรณ์ ห่านคำ
|
| 710 2 ^aขอนแก่น. วิทยาลัยพยาบาลบรมราชชนนี
|
| 999 ^aใช้งานได้ทุกระบบ
|